Danske musikeres mest streamede sang 4 - Statistics

General Stats
  • This quiz has been taken 5 times
  • The average score is 10 of 25
Answer Stats
Kunstner Sang % Correct
Kim Larsen Papirsklip
100%
Nanna Buster
67%
Shu-Bi-Dua Danmark
67%
Xander Linnet Det Burde Ikk Være Sådan Her
67%
LOC Frk. Escobar
67%
Lars Lilholt Band Kald det kærlighed
67%
KESI Kom Over
67%
Thomas Holm Nitten
67%
Niklas Veninder
67%
Big Fat Snake Bonsoir Madame
33%
Mumle Det Modsatte
33%
Tommy Seebach Hip Hurra - Det' Min Fødselsdag
33%
Mads Langer I En Stjerneregn Af Sne
33%
Tøsedrengene Indianer
33%
Rugsted & Kreutzfeldt Jeg ved det godt
33%
Ray Dee Ohh Jeg Vil La' Lyset Brænde
33%
Topgunn Kongens Have
33%
D-A-D Sleeping My Day Away
33%
Joey Moe Smukkest På En Søndag
33%
Scarlet Pleasure What A Life
33%
Rollo & King Der står et billede af dig på mit bord
0%
Guldimund Det' kun vigtigt, hvad det er
0%
Danser med Drenge Hvorlænge vil du ydmyge dig?
0%
Erann DD Still Believing
0%
Anne Linnet Tusind Stykker
0%
No matching quizzes found
Score Distribution
Percent of People with Each Score
Percentile by Number Answered
Your Score History
You have not taken this quiz